| 000 | 01052nam a22003137a 4500 | ||
|---|---|---|---|
| 003 | DO-SdBNP | ||
| 005 | 20250708144319.0 | ||
| 007 | ta | ||
| 008 | 220128b2010 dr ||||| |||| 00| 0 spa d | ||
| 020 | _a9789945421989 | ||
| 040 |
_aDO-SdBNP _bspa _cBNPHU _erda |
||
| 082 | 4 |
_aRD863.44 _bB844s _222 |
|
| 100 | 1 |
_aBretón Martínez, Freddy Antonio de Jesús, _d1947- _eautor _911012 |
|
| 245 | 1 | 0 |
_aLa siesta del lagarto verde y otras historias / _cFreddy Bretón |
| 250 | _a2da edición | ||
| 264 |
_aSanto Domingo : _bAmigo del Hogar, _c2010. |
||
| 300 |
_a273 páginas : _bilustraciones ; _c20 cm. |
||
| 336 |
_2rdacontent _atexto _btxt |
||
| 337 |
_2rdamedia _asin mediación _bn |
||
| 338 |
_2rdacarrier _avolumen _bnc |
||
| 590 | _aInventariado, 2022 / DG | ||
| 650 |
_aCuentos dominicanos _981036 |
||
| 650 | 4 |
_aFábulas dominicanas _97204 |
|
| 650 | 0 |
_xAforismos y apotegmas _983268 |
|
| 650 | 4 |
_aProverbios y refranes _918988 |
|
| 650 | 0 |
_aLiteratura dominicana _981037 |
|
| 910 | _aDG/Validado. Control de calidad MFF | ||
| 942 |
_2ddc _cLBS1 |
||
| 999 |
_c51248 _d51248 |
||